Sports Quiz

Random Sports Quiz

Stadium names Quiz Stats

 Plays Quiz not verified by Sporcle

Challenge
Share
Tweet
Embed
Score 0/17 Timer 10:00
0 Plays Today
Team Stadium Name % Correct
AlabamaBryant-Denny Stadium
92.9%
TennesseeNeyland Stadium
85.7%
AuburnJordan-Hare Stadium
64.3%
FloridaBen Hill-Griffin stadium
64.3%
GeorgiaSanford Stadium
57.1%
LSUTiger Stadium
57.1%
Arizona St.sun devil stadium
57.1%
Texas A&MKyle Field
42.9%
Florida St.Doak campbell Stadium
35.7%
Team Stadium Name % Correct
AkronRubber Bowl
35.7%
VanderbiltVanderbilt Stadium
21.4%
Georgia TechBobby Dodd Stadium
21.4%
Ole MissVaught Hemmingway Stadium
14.3%
Air ForceFalcon Stadium
7.1%
ArizonaArizona Stadium
7.1%
Mississippi st.Davis Wade Stadium
0%
South CarolinaWilliams-Brice Stadium
0%

You're not logged in!

Compare scores with friends on all Sporcle quizzes.
Join for Free
OR
Log In

You Might Also Like...

Show Comments

Extras

Created Oct 30, 2012ReportNominate
Tags:Stadiums, team

Top Quizzes Today


Score Distribution

Your Account Isn't Verified!

In order to create a playlist on Sporcle, you need to verify the email address you used during registration. Go to your Sporcle Settings to finish the process.

Report this User

Report this user for behavior that violates our Community Guidelines.

Details: